000 01047nam0a22002891 4500
001 rc\4479338
005 20130416170326.3
021 _aRU
_b[58-19210]
035 _a(NLR Aleph) 008333415
090 _a8831489
_c8831489
100 _a20130416d1957 |||y0rusy50 ca
101 0 _arus
102 _aRU
105 _aac z |||||
200 1 _aДмитрий Иванович Менделеев
210 _aМосква
_cВоениздат
_d1957
215 _a70 с., 1 л. табл.
_cпортр.
_d20
225 1 _aНаучно-популярная библиотека
300 _aПеред загл. авт.: проф. Б.Г. Кузнецов
320 _aБиблиогр.: с. 69
700 1 _aКузнецов
_bБ. Г.
_gБорис Григорьевич
702 1 _aМенделеев
_bД. И.
_cхимик, обществ. деятель
_f1834-1907
_gДмитрий Иванович
_3RU\NLR\AUTH\7761468
_4570
801 0 _aRU
_bNLR
_gpsbo
801 1 _aRU
_bELAR
_2rusmarc
852 _aNLR
_j58-4/5981
942 _cBOOK
980 _aNB